[Event "Wch U16"]
[Site "Maribor"]
[Date "2012.11.17"]
[Round "10.48"]
[White "Jacobsen, Mads Holger"]
[Black "Liu, Dennis"]
[Result "1-0"]
[WhiteElo "2019"]
[BlackElo "1909"]
[PlyCount "125"]
[EventDate "2012.11.08"]
[EventType "swiss"]
[EventRounds "11"]
[EventCountry "SLO"]
[SourceTitle "EXT 2013"]
[Source "ChessBase"]
[SourceDate "2012.11.22"]
[SourceVersion "1"]
[SourceVersionDate "2012.11.22"]
[SourceQuality "1"]

1. c4 Nf6 2. d4 g6 3. Nc3 Bg7 4. e4 d6 5. Nf3 0-0 6. Be2 e5 7. d5 a5 8. Bg5 h6 9. Bh4 Na6 10. Nd2 Bd7 11. 0-0 Qe8 12. Nb5 Nh7 13. a3 h5 14. f3 Bh6 15. Nb3 b6 16. Rb1 f5 17. exf5 Be3+ 18. Kh1 gxf5 19. Nc1 Qg6 20. Bf2 Bxf2 21. Rxf2 Kh8 22. Nd3 Nf6 23. Nc3 Rg8 24. Qd2 Rae8 25. b4 Qg7 26. Ne1 axb4 27. axb4 e4 28. fxe4 fxe4 29. Qd4 Re5 30. Nc2 Bg4 31. Ne3 Bxe2 32. Rxe2 Ng4 33. Nxg4 Qxg4 34. Qe3 Qg6 35. Rf2 Nb8 36. Ne2 Nd7 37. Rbf1 Nf6 38. Nf4 Qg5 39. h3 h4 40. Re1 Nh5 41. Nxh5 Qxh5 42. Qf4 Qg5 43. Qxg5 Rgxg5 44. Rfe2 Kg7 45. Rxe4 Kf6 46. Rf4+ Rgf5 47. Ref1 b5 48. Rxf5+ Rxf5 49. Rxf5+ Kxf5 50. cxb5 Ke5 51. g3 hxg3 52. Kg2 Kf4 53. b6 cxb6 54. b5 Ke5 55. Kxg3 Kxd5 56. h4 Ke4 57. h5 d5 58. h6 d4 59. h7 d3 60. h8Q d2 61. Qh1+ Kd3 62. Qd1 Ke3 63. Kg2 1-0

[Event "Wch U16"]
[Site "Maribor"]
[Date "2012.11.12"]
[Round "6.35"]
[White "Liu, Dennis"]
[Black "Chiari, Arthur Gontijo"]
[Result "0-1"]
[WhiteElo "1909"]
[BlackElo "2101"]
[PlyCount "80"]
[EventDate "2012.11.08"]
[EventType "swiss"]
[EventRounds "11"]
[EventCountry "SLO"]
[SourceTitle "EXT 2013"]
[Source "ChessBase"]
[SourceDate "2012.11.22"]
[SourceVersion "1"]
[SourceVersionDate "2012.11.22"]
[SourceQuality "1"]

1. c4 Nf6 2. g3 g6 3. Bg2 d5 4. Nf3 Bg7 5. 0-0 dxc4 6. Na3 0-0 7. Nxc4 Nc6 8. d4 Be6 9. b3 Bd5 10. Bb2 a5 11. Re1 a4 12. Ncd2 Ne4 13. Ne5 a3 14. Bc1 Nc3 15. Qc2 Nxe2+ 16. Rxe2 Nxd4 17. Qd3 Nxe2+ 18. Qxe2 Bxg2 19. Kxg2 Qd4 20. Rb1 Qxe5 21. Qc4 Rfd8 22. Qc2 Ra6 23. b4 Qe2 24. Qxc7 Rxd2 25. Bxd2 Qe4+ 26. Kh3 Qxb1 27. Qd8+ Bf8 28. Bh6 Qf1+ 29. Kg4 f5+ 30. Kg5 Rf6 31. Bxf8 Rxf8 32. Qd5+ Rf7 33. Qd8+ Kg7 34. Qd4+ Rf6 35. Qe3 h6+ 36. Kf4 g5+ 37. Kf3 g4+ 38. Kf4 Qc4+ 39. Ke5 Re6+ 40. Kxf5 Rxe3 0-1

[Event "Wch U16"]
[Site "Maribor"]
[Date "2012.11.10"]
[Round "3.46"]
[White "Lekic, Lazar"]
[Black "Liu, Dennis"]
[Result "0-1"]
[WhiteElo "2062"]
[BlackElo "1909"]
[PlyCount "86"]
[EventDate "2012.11.08"]
[EventType "swiss"]
[EventRounds "11"]
[EventCountry "SLO"]
[SourceTitle "EXT 2013"]
[Source "ChessBase"]
[SourceDate "2012.11.22"]
[SourceVersion "1"]
[SourceVersionDate "2012.11.22"]
[SourceQuality "1"]

1. e4 e6 2. d4 d5 3. Nd2 Be7 4. e5 c5 5. Qg4 Kf8 6. c3 h5 7. Qd1 Nc6 8. Ngf3 Nh6 9. Bd3 Qb6 10. dxc5 Bxc5 11. 0-0 a5 12. Nb3 Be7 13. Nbd4 Nxd4 14. Nxd4 g6 15. a4 Bd7 16. Be3 Qc7 17. Qd2 Ng4 18. Bf4 g5 19. Bxg5 Bxg5 20. Qxg5 Qxe5 21. Qxe5 Nxe5 22. Bc2 Rc8 23. f4 Nc4 24. b3 Ne3 25. Rf3 Rxc3 26. Kf2 Nxc2 27. Rxc3 Nxd4 28. Rd1 Nc6 29. g3 Ke7 30. h3 Kd6 31. Rcd3 Rc8 32. g4 Nb4 33. Re3 hxg4 34. hxg4 Rc2+ 35. Re2 Rxe2+ 36. Kxe2 Nc6 37. Kf3 Kc5 38. Rh1 e5 39. Rc1+ Kb4 40. Rd1 d4 41. f5 Ne7 42. f6 Bc6+ 43. Kg3 Ng6 0-1

[Event "Wch U16"]
[Site "Maribor"]
[Date "2012.11.09"]
[Round "2.31"]
[White "Liu, Dennis"]
[Black "Carow, Johannes"]
[Result "0-1"]
[WhiteElo "1909"]
[BlackElo "2259"]
[PlyCount "130"]
[EventDate "2012.11.08"]
[EventType "swiss"]
[EventRounds "11"]
[EventCountry "SLO"]
[SourceTitle "EXT 2013"]
[Source "ChessBase"]
[SourceDate "2012.11.22"]
[SourceVersion "1"]
[SourceVersionDate "2012.11.22"]
[SourceQuality "1"]

1. c4 c5 2. g3 g6 3. Bg2 Bg7 4. Nc3 Nc6 5. Nf3 e6 6. d3 Nge7 7. Bg5 h6 8. Bd2 b6 9. a3 Bb7 10. 0-0 d6 11. Rb1 Qd7 12. b4 0-0 13. Qc1 Kh7 14. h4 f5 15. Na2 e5 16. b5 Nd8 17. Nc3 Ne6 18. a4 f4 19. a5 Rab8 20. e4 Nd4 21. Kh2 Nef5 22. Qd1 Nxf3+ 23. Bxf3 Nd4 24. Bg2 f3 25. Bh3 Qd8 26. Be3 Bc8 27. Bxc8 Qxc8 28. Bxd4 exd4 29. Nd5 Be5 30. Rh1 Qg4 31. Qf1 Qxh4+ 32. Qh3 Qg5 33. Rhd1 h5 34. Kh1 Qg4 35. Qxg4 hxg4 36. axb6 axb6 37. Ra1 Kh6 38. Kh2 Kg5 39. Rh1 Rh8+ 40. Kg1 Ra8 41. Rb1 Rxh1+ 42. Kxh1 Rh8+ 43. Kg1 Rh3 44. Nxb6 Bxg3 45. fxg3 Rxg3+ 46. Kh1 Rh3+ 47. Kg1 g3 48. Rb2 f2+ 49. Rxf2 gxf2+ 50. Kxf2 Rxd3 51. Ke2 Rb3 52. Nd5 Kh4 53. Kd2 g5 54. Kc2 Ra3 55. Ne7 Rc3+ 56. Kd2 Rxc4 57. Nf5+ Kh5 58. Nxd6 Rb4 59. e5 Kg6 60. Kd3 Kg7 61. Ke4 Kf8 62. e6 d3+ 63. Ke5 d2 64. Kf6 Rf4+ 65. Nf5 Rxf5+ 0-1

[Event "Helsinki We Garde 2nd Group B"]
[Site "Helsinki"]
[Date "2012.08.27"]
[Round "2"]
[White "Hallman, Valo"]
[Black "Liu, Dennis"]
[Result "0-1"]
[WhiteElo "1710"]
[BlackElo "1898"]
[PlyCount "102"]
[EventDate "2012.08.26"]
[EventType "swiss"]
[EventRounds "5"]
[EventCountry "FIN"]
[SourceTitle "EXT 2022"]
[Source "ChessBase"]
[SourceDate "2021.10.06"]
[SourceVersion "1"]
[SourceVersionDate "2021.10.06"]
[SourceQuality "1"]

1. d4 d5 2. c4 e6 3. Nc3 Nf6 4. Nf3 Nbd7 5. Bg5 Be7 6. e3 c6 7. a3 0-0 8. Be2 a6 9. 0-0 h6 10. Bh4 dxc4 11. Bxc4 b5 12. Bd3 c5 13. Bxf6 Bxf6 14. Ne4 cxd4 15. Nxf6+ Nxf6 16. Nxd4 Bb7 17. b4 Qd5 18. Nf3 Rfd8 19. Be2 Qe4 20. Qb1 Rac8 21. Qxe4 Nxe4 22. Rfd1 Rxd1+ 23. Bxd1 Bd5 24. Nd4 e5 25. Ne2 Nc3 26. Kf1 Bc4 27. Ke1 Nxe2 28. Bxe2 Bxe2 29. Kxe2 Rc2+ 30. Kf3 Kf8 31. a4 Rb2 32. axb5 axb5 33. Ke4 Rxf2 34. Kxe5 g6 35. Rg1 Rb2 36. Kf6 Rxb4 37. Rd1 Re4 38. Rd8+ Re8 39. Rxe8+ Kxe8 40. Ke5 Ke7 41. g3 f5 42. Kd5 Kf6 43. e4 fxe4 44. Kxe4 b4 45. h3 g5 46. Kd3 g4 47. h4 Ke5 48. Kc4 Ke4 49. Kxb4 h5 50. Kc4 Kf3 51. Kd4 Kxg3 0-1

[Event "Heart of Finland op 22nd"]
[Site "Jyvaskyla"]
[Date "2012.07.15"]
[Round "9"]
[White "Sipila, Markku"]
[Black "Liu, Dennis"]
[Result "1/2-1/2"]
[WhiteElo "2018"]
[BlackElo "1907"]
[PlyCount "144"]
[EventDate "2012.07.09"]
[EventType "swiss"]
[EventRounds "9"]
[EventCountry "FIN"]
[SourceTitle "EXT 2022"]
[Source "ChessBase"]
[SourceDate "2021.10.06"]
[SourceVersion "1"]
[SourceVersionDate "2021.10.06"]
[SourceQuality "1"]

1. d4 d5 2. Nf3 Nf6 3. g3 e6 4. c4 Be7 5. Bg2 0-0 6. 0-0 c6 7. Nc3 dxc4 8. a4 c5 9. e4 cxd4 10. Nxd4 Bc5 11. Be3 e5 12. Nf5 Bxe3 13. Nxe3 Nc6 14. Nxc4 Bg4 15. Qd6 Rb8 16. Rac1 Qxd6 17. Nxd6 Rfd8 18. Nc4 Be6 19. Ne3 Nd4 20. Ned5 Nxd5 21. exd5 Bg4 22. f4 f6 23. h3 Bh5 24. Kh2 Nb3 25. Rce1 exf4 26. Rxf4 Re8 27. Rfe4 Rxe4 28. Rxe4 Nc5 29. Re7 Kf8 30. Rc7 Na6 31. d6 Rd8 32. Rxb7 Rxd6 33. Rxa7 Nb4 34. Rb7 Nd3 35. Bd5 Be8 36. a5 Nc5 37. Rb4 Na4 38. Bb7 Nxc3 39. bxc3 Rd2+ 40. Kg1 Ra2 41. a6 Ke7 42. Rb6 Kd8 43. Bd5 Ra3 44. Kf2 Kc7 45. Rb7+ Kd6 46. Bc4 Bc6 47. Rb3 Rxb3 48. Bxb3 Kc5 49. Bd1 Kb6 50. Be2 g5 51. g4 Be4 52. Bf3 Bg6 53. Ke3 Kxa6 54. Be4 Bf7 55. Bxh7 Kb6 56. Kd4 Kc6 57. Be4+ Kd6 58. c4 Be8 59. c5+ Kc7 60. Bd5 Ba4 61. Bg2 Bc2 62. Kd5 Bb3+ 63. Kd4 Bc2 64. Be4 Ba4 65. Ke3 Bb5 66. Kf3 Ba4 67. Bd5 Bd1+ 68. Kg3 Bc2 69. h4 gxh4+ 70. Kxh4 Bg6 71. Kg3 Be8 72. Kf4 Bd7 1/2-1/2

[Event "Heart of Finland op 22nd"]
[Site "Jyvaskyla"]
[Date "2012.07.13"]
[Round "7"]
[White "Liu, Dennis"]
[Black "Marjusaari, Eero"]
[Result "0-1"]
[WhiteElo "1907"]
[BlackElo "2050"]
[PlyCount "62"]
[EventDate "2012.07.09"]
[EventType "swiss"]
[EventRounds "9"]
[EventCountry "FIN"]
[SourceTitle "EXT 2022"]
[Source "ChessBase"]
[SourceDate "2021.10.06"]
[SourceVersion "1"]
[SourceVersionDate "2021.10.06"]
[SourceQuality "1"]

1. c4 e5 2. g3 Nf6 3. Bg2 Nc6 4. Nc3 Bb4 5. Nd5 0-0 6. e3 Nxd5 7. cxd5 Ne7 8. a3 Bc5 9. Ne2 d6 10. d4 exd4 11. Nxd4 Nf5 12. Nxf5 Bxf5 13. b4 Bb6 14. 0-0 Qd7 15. Re1 Bh3 16. Bf3 f5 17. Bb2 Rae8 18. Qd2 Re7 19. Rac1 Rfe8 20. Rc4 Qb5 21. Rh4 Rxe3 22. fxe3 Bxe3+ 23. Kh1 Bxd2 24. Rxe8+ Qxe8 25. Rxh3 Qe1+ 26. Kg2 Be3 27. Rh4 Qf2+ 28. Kh3 Qxf3 29. Rc4 Qf1+ 30. Kh4 Qxc4+ 31. Kh5 g6# 0-1

[Event "Heart of Finland op 22nd"]
[Site "Jyvaskyla"]
[Date "2012.07.10"]
[Round "3"]
[White "Koykka, Pekka"]
[Black "Liu, Dennis"]
[Result "1-0"]
[WhiteElo "2218"]
[BlackElo "1907"]
[PlyCount "59"]
[EventDate "2012.07.09"]
[EventType "swiss"]
[EventRounds "9"]
[EventCountry "FIN"]
[SourceTitle "EXT 2022"]
[Source "ChessBase"]
[SourceDate "2021.10.06"]
[SourceVersion "1"]
[SourceVersionDate "2021.10.06"]
[SourceQuality "1"]

1. Nf3 d5 2. c4 e6 3. g3 Nf6 4. Bg2 Nbd7 5. 0-0 dxc4 6. Qa4 a6 7. Qxc4 b5 8. Qc6 Ra7 9. Qc2 Bb7 10. a4 b4 11. d3 Bd6 12. Nbd2 0-0 13. Nc4 Ra8 14. Na5 b3 15. Qxb3 Bxf3 16. Bxf3 Rb8 17. Qc2 Ne5 18. Bg2 c5 19. Bd2 Qb6 20. Bc3 Rfd8 21. f4 c4+ 22. d4 Bc5 23. e3 Neg4 24. Nxc4 Nxe3 25. Nxb6 Nxc2 26. dxc5 Nxa1 27. Rxa1 Nd5 28. Be5 Rb7 29. Nxd5 exd5 30. c6 1-0

[Event "Heart of Finland op 22nd"]
[Site "Jyvaskyla"]
[Date "2012.07.10"]
[Round "2"]
[White "Liu, Dennis"]
[Black "Laine, Panu"]
[Result "0-1"]
[WhiteElo "1907"]
[BlackElo "2195"]
[PlyCount "40"]
[EventDate "2012.07.09"]
[EventType "swiss"]
[EventRounds "9"]
[EventCountry "FIN"]
[SourceTitle "EXT 2022"]
[Source "ChessBase"]
[SourceDate "2021.10.06"]
[SourceVersion "1"]
[SourceVersionDate "2021.10.06"]
[SourceQuality "1"]

1. c4 e6 2. g3 d5 3. Bg2 Nf6 4. Nf3 dxc4 5. 0-0 Nbd7 6. Qa4 a6 7. Qxc4 b5 8. Qc2 Bb7 9. d4 c5 10. dxc5 Bxc5 11. a3 Rc8 12. Nc3 0-0 13. Qd3 Qe7 14. Rd1 Rfd8 15. Be3 Ng4 16. Ng5 Nf8 17. Bxc5 Qxc5 18. Nge4 Bxe4 19. Nxe4 Nxf2 20. b4 Nh3+ 0-1

[Event "Espoo We MatSK Group A"]
[Site "Espoo"]
[Date "2012.02.??"]
[Round "5"]
[White "Linqvist, Grels"]
[Black "Liu, Dennis"]
[Result "1/2-1/2"]
[WhiteElo "1993"]
[BlackElo "1898"]
[PlyCount "23"]
[EventDate "2012.02.24"]
[EventType "swiss"]
[EventRounds "5"]
[EventCountry "FIN"]
[SourceTitle "EXT 2022"]
[Source "ChessBase"]
[SourceDate "2021.10.06"]
[SourceVersion "1"]
[SourceVersionDate "2021.10.06"]
[SourceQuality "1"]

1. c4 e5 2. Nc3 Nf6 3. g3 d5 4. cxd5 Nxd5 5. Bg2 Nb6 6. Nf3 Nc6 7. a3 Be7 8. b4 Be6 9. d3 0-0 10. Bb2 f5 11. 0-0 Bf6 12. Nd2 1/2-1/2

[Event "Heart of Finland op 21st"]
[Site "Jyvaskyla"]
[Date "2011.07.12"]
[Round "3"]
[White "Liu, Dennis"]
[Black "Hintikka, Eero"]
[Result "0-1"]
[WhiteElo "1857"]
[BlackElo "2118"]
[PlyCount "142"]
[EventDate "2011.07.11"]
[EventType "swiss"]
[EventRounds "9"]
[EventCountry "FIN"]
[SourceTitle "EXT 2022"]
[Source "ChessBase"]
[SourceDate "2021.10.06"]
[SourceVersion "1"]
[SourceVersionDate "2021.10.06"]
[SourceQuality "1"]

1. c4 e5 2. g3 g6 3. Bg2 Bg7 4. Nc3 Ne7 5. d3 c6 6. f4 d6 7. Nf3 0-0 8. c5 dxc5 9. Nxe5 Nf5 10. Nf3 Na6 11. e4 Nd4 12. Nxd4 Bxd4 13. a3 Nc7 14. Qe2 b6 15. Be3 Ba6 16. Rd1 Qd7 17. Bf3 Rad8 18. e5 Bxc3+ 19. bxc3 Bxd3 20. Qg2 Qe6 21. Bxc6 f6 22. Be4 Bc4 23. g4 Rxd1+ 24. Kxd1 Rd8+ 25. Ke1 Nd5 26. Bd2 g5 27. Bf5 Qe7 28. Qe4 b5 29. fxg5 fxg5 30. h4 gxh4 31. g5 Re8 32. e6 Nc7 33. Rxh4 Bxe6 34. Bxh7+ Kf8 35. g6 Qf6 36. Rf4 Bf5 37. g7+ Kxg7 38. Bxf5 Rxe4+ 39. Bxe4 Qe6 40. Kf2 Qa2 41. Ke2 Nd5 42. Rg4+ Kf6 43. Bxd5 Qxd5 44. Rf4+ Ke6 45. Bc1 Qg2+ 46. Rf2 Qe4+ 47. Kd2 Qb1 48. Re2+ Kd6 49. Kd1 Qb3+ 50. Rc2 Kd5 51. Bb2 Ke4 52. Kc1 Qc4 53. Kb1 Qd3 54. Bc1 Kd5 55. Kb2 Kc4 56. Bg5 Qg6 57. Be3 Qe6 58. Bg5 a5 59. Bd8 a4 60. Ba5 Kd3 61. c4 Kd4 62. Bc3+ Kd3 63. Ba5 Qa6 64. Rc3+ Kd4 65. Bd8 b4 66. Rc2 Qb7 67. Bf6+ Kd3 68. Kc1 Qh1+ 69. Kb2 bxa3+ 70. Kxa3 Kxc2 71. Kxa4 Qb1 0-1

[Event "Nordic Youth-ch C"]
[Site "Oslo"]
[Date "2011.02.??"]
[Round "5"]
[White "Liu, Dennis"]
[Black "Kjartansson, Dagur"]
[Result "1-0"]
[WhiteElo "1782"]
[BlackElo "1522"]
[PlyCount "75"]
[EventDate "2011.02.18"]
[EventType "swiss"]
[EventRounds "6"]
[EventCountry "NOR"]
[SourceTitle "EXT 2024"]
[Source "ChessBase"]
[SourceDate "2023.10.10"]
[SourceVersion "1"]
[SourceVersionDate "2023.10.10"]
[SourceQuality "1"]

1. e4 c5 2. Nf3 Nc6 3. d4 cxd4 4. Nxd4 e6 5. Nc3 a6 6. Be3 Bb4 7. Nxc6 bxc6 8. Qd4 Bxc3+ 9. Qxc3 Nf6 10. Bd3 0-0 11. 0-0 h6 12. Rad1 Qc7 13. Bxh6 e5 14. Bg5 Nh7 15. Bh4 d6 16. Be2 Be6 17. Rd2 g5 18. Bg3 f6 19. Rfd1 Rfd8 20. Bc4 Bxc4 21. Qxc4+ Kg7 22. b3 a5 23. Qe6 Nf8 24. Qf5 a4 25. h4 Qe7 26. Rd3 axb3 27. axb3 Ng6 28. h5 Nf8 29. Rf3 Qe6 30. h6+ Kf7 31. Qxg5 Ng6 32. Qh5 Rg8 33. Bh4 Raf8 34. Rxf6+ Qxf6 35. Bxf6 Kxf6 36. Rxd6+ Kf7 37. Qf5+ Ke8 38. Qd7# 1-0

[Event "Helsinki We HSK 5th"]
[Site "Helsinki"]
[Date "2011.??.??"]
[Round "1"]
[White "Haapasalo, Jukka Pekka"]
[Black "Liu, Dennis"]
[Result "1/2-1/2"]
[WhiteElo "2094"]
[BlackElo "1785"]
[PlyCount "27"]
[EventDate "2011.??.??"]
[EventType "swiss"]
[EventRounds "5"]
[EventCountry "FIN"]
[SourceTitle "EXT 2022"]
[Source "ChessBase"]
[SourceDate "2021.10.06"]
[SourceVersion "1"]
[SourceVersionDate "2021.10.06"]
[SourceQuality "1"]

1. Nf3 d5 2. c4 e6 3. g3 Nf6 4. Bg2 Be7 5. 0-0 0-0 6. b3 c5 7. d3 Nc6 8. Nbd2 d4 9. a3 Qc7 10. Ne4 h6 11. Nxf6+ Bxf6 12. b4 Be7 13. b5 Ne5 14. Nxe5 1/2-1/2

[Event "Vantaa We EtVaS"]
[Site "Vantaa"]
[Date "2011.??.??"]
[Round "3"]
[White "Tuominen, Joona"]
[Black "Liu, Dennis"]
[Result "1-0"]
[WhiteElo "1849"]
[BlackElo "1785"]
[PlyCount "105"]
[EventDate "2011.??.??"]
[EventType "swiss"]
[EventRounds "5"]
[EventCountry "FIN"]
[SourceTitle "EXT 2022"]
[Source "ChessBase"]
[SourceDate "2021.10.06"]
[SourceVersion "1"]
[SourceVersionDate "2021.10.06"]
[SourceQuality "1"]

1. Nf3 d5 2. c4 e6 3. g3 Nf6 4. Bg2 Be7 5. 0-0 0-0 6. b3 c5 7. cxd5 Nxd5 8. Nc3 Nc6 9. Bb2 Nxc3 10. dxc3 e5 11. e4 Be6 12. Ne1 Qxd1 13. Rxd1 Rad8 14. Nc2 Bg5 15. Na3 a6 16. h4 Bh6 17. Bf3 g5 18. hxg5 Bxg5 19. Rxd8 Rxd8 20. Rd1 Rxd1+ 21. Bxd1 b5 22. Nc2 Bd2 23. Kf1 Kf8 24. Ke2 Bg5 25. Ba3 Be7 26. Ne3 b4 27. Bb2 Bd6 28. Kd3 a5 29. Bg4 Bxg4 30. Nxg4 bxc3 31. Bxc3 Ke7 32. Kc4 Ke6 33. Kb5 Nb4 34. Bxb4 axb4 35. Ne3 Be7 36. Nf5 Bf8 37. Kc6 h5 38. Kc7 c4 39. bxc4 Bc5 40. f3 Bf2 41. Ng7+ Kf6 42. Nxh5+ Kg6 43. g4 Kg5 44. Kd6 Kh4 45. Kxe5 Kh3 46. Kf5 Kg2 47. f4 Kf3 48. g5 Ke3 49. c5 Kd3 50. c6 Bb6 51. Nf6 Kc2 52. Nd5 Ba5 53. Nxb4+ 1-0

[Event "EU Union-ch U14 8th"]
[Site "Mureck"]
[Date "2010.08.11"]
[Round "8"]
[White "Liu, Dennis"]
[Black "Menezes, Christoph"]
[Result "0-1"]
[WhiteElo "1735"]
[BlackElo "1947"]
[PlyCount "52"]
[EventDate "2010.08.04"]
[EventType "swiss"]
[EventRounds "9"]
[EventCountry "AUT"]
[SourceTitle "CBM 138 Extra"]
[Source "ChessBase"]
[SourceDate "2010.10.29"]
[SourceVersion "1"]
[SourceVersionDate "2010.10.29"]
[SourceQuality "1"]

1. e4 c5 2. Nf3 Nc6 3. d4 cxd4 4. Nxd4 g6 5. Be3 Nf6 6. Nc3 Bg7 7. Be2 0-0 8. 0-0 d6 9. Kh1 Bd7 10. f3 Rc8 11. Qd2 Re8 12. Rfd1 Qa5 13. a3 a6 14. Nb3 Qc7 15. Na4 b5 16. Nb6 Rb8 17. Nxd7 Nxd7 18. Rab1 Rec8 19. f4 Nb6 20. Na5 Nxa5 21. Qxa5 Qxc2 22. Bd3 Nc4 23. Qxa6 Qb3 24. Ba7 Ra8 25. Bxc4 bxc4 26. Qb6 Qa4 0-1

[Event "EU Union-ch U14 8th"]
[Site "Mureck"]
[Date "2010.08.04"]
[Round "1"]
[White "Beukema, Stefan"]
[Black "Liu, Dennis"]
[Result "1-0"]
[WhiteElo "2084"]
[BlackElo "1735"]
[PlyCount "111"]
[EventDate "2010.08.04"]
[EventType "swiss"]
[EventRounds "9"]
[EventCountry "AUT"]
[SourceTitle "CBM 138 Extra"]
[Source "ChessBase"]
[SourceDate "2010.10.29"]
[SourceVersion "1"]
[SourceVersionDate "2010.10.29"]
[SourceQuality "1"]

1. e4 e5 2. Nf3 Nc6 3. d4 exd4 4. Nxd4 Bc5 5. Be3 Qf6 6. c3 Nge7 7. Bc4 Ne5 8. Be2 d6 9. 0-0 0-0 10. f4 N5c6 11. Kh1 Bb6 12. Nd2 Nxd4 13. cxd4 Nc6 14. Nb3 Re8 15. e5 Qd8 16. Bc4 Bf5 17. Qh5 Qd7 18. Rad1 Bg4 19. Bxf7+ Kh8 20. Qh4 Bxd1 21. Bg6 h6 22. Bxe8 Rxe8 23. Rxd1 dxe5 24. fxe5 Rxe5 25. Qf4 Rf5 26. Qg3 Qf7 27. h3 Rd5 28. Kg1 Ne7 29. Bf2 Nf5 30. Qf3 Qd7 31. Qe4 c5 32. Rf1 c4 33. Nc5 Bxc5 34. dxc5 Rd1 35. Qxc4 Rxf1+ 36. Qxf1 Qd2 37. Be1 Qd5 38. Qf2 Ne7 39. Bc3 Ng8 40. Qg3 Qxc5+ 41. Kh1 Qe7 42. a4 Nf6 43. Qb8+ Kh7 44. Qxa7 Nd5 45. Bd2 Nf6 46. a5 Ne4 47. Qe3 Qe6 48. b4 Qc4 49. Be1 Nf6 50. Qf3 Nd5 51. Qf5+ Kh8 52. Qe6 Qb5 53. Kh2 Nxb4 54. Bc3 Nc6 55. Qxh6+ Kg8 56. Qxg7# 1-0